Star man : (Record no. 144256)

MARC details
000 -LEADER
fixed length control field 00562nam a22001817a 4500
010 ## - LCCN (DPL NO)
LC control number ENG-120530
020 ## - INTERNATIONAL STANDARD BOOK NUMBER
International Standard Book Number 9788179261040
Terms of availability 250.00
035 ## - SYSTEM CONTROL NUMBER
System control number EN-104062
037 ## - SOURCE OF ACQUISITION
Source of stock number/acquisition DBAD/PUB
082 ## - DEWEY DECIMAL CLASSIFICATION NUMBER
Classification number 509.2
100 ## - MAIN ENTRY--PERSONAL NAME
Personal name Roy, Biman Chandra
245 ## - TITLE STATEMENT
Title Star man :
Remainder of title the universe of stephen hawking /
Statement of responsibility, etc by Biman Chandra Roy
260 ## - PUBLICATION, DISTRIBUTION, ETC. (IMPRINT)
Place of publication, distribution, etc Kolkata
Name of publisher, distributor, etc Best books
Date of publication, distribution, etc 2016
270 ## - ADDRESS
Address 1A College Row,
City KolKata
Postal code 700009
300 ## - PHYSICAL DESCRIPTION
Extent 208p.
Other physical details 21cm(Hb).
500 ## - GENERAL NOTE
General note Includes bibliographical references and index
942 ## - ADDED ENTRY ELEMENTS (KOHA)
Source of classification or shelving scheme Dewey Decimal Classification
Item type English Books
Classification part 509.2
Call number suffix ROY
Holdings
Withdrawn status Lost status Not for loan Collection code Home library Current library Date acquired Source of acquisition Cost, normal purchase price Full call number Barcode Copy number Cost, replacement price Koha item type
      Non-fiction Ashok Vihar Ashok Vihar 11/09/2017 DBAD/PUB 250.00 509.2 ROY EN-104062 1 250.00 English Books

© Delhi Public Library
Hit Counter
free hit counter